Flags of Countries that were in the German Empire - Statistics

General Stats
  • This quiz has been taken 68 times
  • The average score is 25 of 30
Answer Stats
Picture Hint Answer % Correct
6% Belgium
100%
Home Country Germany
100%
< 1% China
93%
< 1% Czechia
93%
9% Denmark
93%
2% France
93%
50% Poland
89%
100% Burundi
87%
0.09% Russia
87%
< 1% United States
87%
10% Chad
85%
6% Lithuania
85%
100% Nigeria
85%
100% Cameroon
84%
8% Ghana
84%
99.7% Tanzania
84%
20% Central African Republic
82%
100% Togo
82%
4% Palau
80%
53% Papua New Guinea
80%
14% Gabon
76%
100% Nauru
76%
100% Samoa
75%
100% F. S. Micronesia
73%
100% Marshall Islands
73%
100% Namibia
73%
13% Rep. of the Congo
73%
100% Rwanda
71%
15% Solomon Islands
64%
<1% Guinea
62%
No matching quizzes found
Score Distribution
Percent of People with Each Score
Percentile by Number Answered
Your Score History
You have not taken this quiz